000 00864nam a2200253 a 4500
001 BRCA_6467
005 20190320205451.0
008 240911s1945----nyua######---#000-0#eng-#
041 _aeng
044 _anyu
050 4 _aN620.H5
_b.N68 1 1945
245 1 0 _aNotes Hispanic.
260 _aNueva York
_bOrder of the Trustees
_c1945
300 _a132 p.
_bil.
_c23 cm.
440 0 _aNotes Hispanic
_v5
_916145
500 _aNotes Hispanic es una publicación anual dedicada al arte y la artesanía de España y Portugal, que es preparado por el personal y los miembros de la Hispanic Society of America
500 _aVer también M78 (5 v.)
500 _aM69
504 _aIncluye referencias bibliográficas
610 2 4 _aHispanic Society of America
_916146
650 1 4 _aArte español
_vPublicaciones periódicas
_916147
902 _aGFM
942 _2lcc
_cB
999 _c6151
_d6151